| 000 | 00584nam a2200181 i 4500 | ||
|---|---|---|---|
| 001 | 29852 | ||
| 003 | ES-MaACL | ||
| 005 | 20251121165507.0 | ||
| 007 | t| | ||
| 008 | 030123s1948 sp ||||1| spa d | ||
| 100 | 1 |
_aBasave Fernández del Valle, Agustín. _926254 |
|
| 245 | 1 | 3 |
_aLa fisonomía de Hernán Cortés ante la juventud actual / _cpor Agustín Basave Fernández del Valle. |
| 260 |
_aValencia : _bF. Domenech, _c1948. |
||
| 300 |
_a22 p. ; _c22 cm. |
||
| 600 | 1 | 4 |
_aCortés, Hernán, _d1485-1547 _940853 |
| 852 |
_aES-MaACL _j1982-F-8 _bR.35779 |
||
| 999 |
_c29852 _d29852 |
||